Normal view
MARC view
- الشعر العربي - تفسير ونقد
Entry Topical Term
001 - CONTROL NUMBER
- control field: 48967
003 - CONTROL NUMBER IDENTIFIER
- control field: JO-AjAnu
005 - DATE AND TIME OF LATEST TRANSACTION
- control field: 20230606082055.0
008 - FIXED-LENGTH DATA ELEMENTS
- fixed length control field: 230606|| aca||aabn | a|a d
040 ## - CATALOGING SOURCE
- Original cataloging agency: JO-AjAnu
- Transcribing agency: JO-AjAnu
150 ## - HEADING--TOPICAL TERM
- Topical term or geographic name entry element: الشعر العربي - تفسير ونقد
670 ## - SOURCE DATA FOUND
- Source citation: Work cat.: (JO-AjAnu)25046: تأليف إدريس، عبدالله حسن, author 48966, البؤر والشظايا في شعر نادر هدى (...تفاصيل لم تكتمل...) : دراسة فنية في جماليات تلقي النص